|
|
|
|
| LEADER |
00735nab a2200205 i 4500 |
| 001 |
misc26668 |
| 005 |
20191108150051.0 |
| 008 |
170825s1962 hu o 0|| zxx d |
| 040 |
|
|
|a SZTE Miscellanea Repozitórium
|b hun
|
| 041 |
|
|
|a zxx
|
| 100 |
1 |
|
|a Földi Mihály
|
| 245 |
1 |
0 |
|a Histopathologische Veränderungen im Zentralnervensystem nach Unterbindung der Lymphgefäße und Lymphknoten des Halses beim Hunde
|h [elektronikus dokumentum] :
|b [különlenyomat] /
|c Földi Mihály
|
| 260 |
|
|
|c 1962
|
| 300 |
|
|
|a 1
|
| 490 |
0 |
|
|a Kolligátum
|
| 695 |
|
|
|a Neurológia
|
| 700 |
0 |
1 |
|a Csanda Endre
|e aut
|
| 700 |
0 |
1 |
|a Szeghy Gergely
|e aut
|
| 700 |
0 |
1 |
|a Varga L.
|e aut
|
| 856 |
4 |
0 |
|u http://misc.bibl.u-szeged.hu/26668/1/019_011_001a.pdf
|z Dokumentum-elérés
|